| 000 | 00712cam a2200229 a 4500 | ||
|---|---|---|---|
| 020 | _a0961577304 (pbk.) : | ||
| 040 | _cDLC | ||
| 082 | 0 | 0 | _a633 SHA 1985 A054 Or. |
| 100 | 1 | _aShaw, Mel, | |
| 245 | 1 | 0 |
_aCash crop : _bgrowing sinse-- the organic way / |
| 250 | _a1st ed. | ||
| 260 |
_aMarissa, Ill. : _bShaw Pub., _cc1985. |
||
| 300 |
_axii, 265 p. : _bill. ; _c22 cm. |
||
| 500 | _aIncludes index. | ||
| 520 | _aProvides instructions for organically growing marihuana or other plants without the use of chemical fertilizers and poisonous sprays. | ||
| 650 | 0 | _aCannabis. | |
| 650 | 0 | _aOrganic gardening. | |
| 650 | 1 | _aMarijuana. | |
| 650 | 1 | _aOrganic gardening. | |
| 650 | 1 | _aGardening. | |
| 942 | _cEK | ||
| 999 |
_c15020 _d15020 |
||